000 00349nam a2200145Ia 4500
008 240624s9999 xx 000 0 und d
041 _aeng
082 _a658 WAL
100 _aWALDEN MICHAEL
245 _aBATTLEGROUND BUSINESS
260 _c2007
_aLondon
_bGreenwood Press
300 _axiv, : 362 : p. : cm. ; 25
365 _c
_b28
440 _v2
999 _c22491
_d22491